<?xml version="1.0" encoding="UTF-8"?>
<record
    xmlns:xsi="http://www.w3.org/2001/XMLSchema-instance"
    xsi:schemaLocation="http://www.loc.gov/MARC21/slim http://www.loc.gov/standards/marcxml/schema/MARC21slim.xsd"
    xmlns="http://www.loc.gov/MARC21/slim">

  <leader>008370000a22001810004500</leader>
  <controlfield tag="003">LK-CoMWRAF</controlfield>
  <controlfield tag="005">20240103150930.0</controlfield>
  <controlfield tag="008">230817t           ||||| |||| 00| 0 eng d</controlfield>
  <datafield tag="040" ind1=" " ind2=" ">
    <subfield code="a">LK-CoMWRAF</subfield>
    <subfield code="d">LK-CoMWRAF</subfield>
    <subfield code="e">LK-CoMWRAF</subfield>
  </datafield>
  <datafield tag="041" ind1=" " ind2=" ">
    <subfield code="a">eng</subfield>
  </datafield>
  <datafield tag="082" ind1=" " ind2=" ">
    <subfield code="a">362</subfield>
    <subfield code="b">LAM</subfield>
  </datafield>
  <datafield tag="245" ind1=" " ind2=" ">
    <subfield code="a">&#xDC5;&#xDB8;&#xDCF; &#xD85;&#xDB4;&#xDBA;&#xDDD;&#xDA2;&#xDB1; &#xDC3;&#xDC4; &#xDB1;&#xDD3;&#xDAD;&#xDD2;&#xDBA; :</subfield>
    <subfield code="b">&#xDB1;&#xDD3;&#xDAD;&#xDD2;&#xDBA; &#xDC3;&#xDC4; &#xDB1;&#xDDB;&#xDAD;&#xDD2;&#xD9A; &#xD9A;&#xDCA;&#x200D;&#xDBB;&#xDD2;&#xDBA;&#xDCF;&#xDC0;&#xDBD;&#xDD2;&#xDBA; &#xDB4;&#xDD2;&#xDBD;&#xDD2;&#xDB6;&#xDB3; &#xDC0;&#xDD2;&#xDB8;&#xDBB;&#xDCA;&#xDC1;&#xDB1;&#xDBA;&#xD9A;&#xDCA; </subfield>
  </datafield>
  <datafield tag="246" ind1=" " ind2=" ">
    <subfield code="a">Lama Apayojanaya Saha Neethiya : Neethiya Saha Dainika Kriyawaliya Pilibanda Vimarshanayak</subfield>
  </datafield>
  <datafield tag="260" ind1=" " ind2=" ">
    <subfield code="a">&#xD9A;&#xDDC;&#xDC5;&#xDB9; :  </subfield>
    <subfield code="b">&#xDB8;&#xDCF;&#xDB1;&#xDC0; &#xDC4;&#xDD2;&#xDB8;&#xDD2;&#xD9A;&#xDB8;&#xDCA; &#xDC3;&#xDC4; &#xDC3;&#xD82;&#xDC0;&#xDBB;&#xDCA;&#xDB0;&#xDB1;&#xDBA; &#xDB4;&#xDD2;&#xDBD;&#xDD2;&#xDB6;&#xDB3; &#xDB1;&#xDD3;&#xDAD;&#xDD2;&#xDC0;&#xDDA;&#xDAF;&#xDD3; &#xDC3;&#xD82;&#xDC0;&#xDD2;&#xDB0;&#xDCF;&#xDB1;&#xDBA;,</subfield>
  </datafield>
  <datafield tag="300" ind1=" " ind2=" ">
    <subfield code="a">&#xDB4;&#xDD2;.107</subfield>
  </datafield>
  <datafield tag="650" ind1=" " ind2=" ">
    <subfield code="a">&#xDC5;&#xDB8;&#xDCF; &#xD85;&#xDB4;&#xDBA;&#xDDD;&#xDA2;&#xDB1; &#xDC3;&#xDC4; &#xDB1;&#xDD3;&#xDAD;&#xDD2;&#xDBA;</subfield>
  </datafield>
  <datafield tag="942" ind1=" " ind2=" ">
    <subfield code="c">BK</subfield>
  </datafield>
  <datafield tag="952" ind1=" " ind2=" ">
    <subfield code="0">0</subfield>
    <subfield code="1">0</subfield>
    <subfield code="4">0</subfield>
    <subfield code="7">0</subfield>
    <subfield code="a">MAIN</subfield>
    <subfield code="b">MAIN</subfield>
    <subfield code="d">2023-08-17</subfield>
    <subfield code="l">0</subfield>
    <subfield code="o">362 LAM</subfield>
    <subfield code="p">RAF3975</subfield>
    <subfield code="r">2023-08-17</subfield>
    <subfield code="w">2023-08-17</subfield>
    <subfield code="y">BK</subfield>
  </datafield>
  <datafield tag="999" ind1=" " ind2=" ">
    <subfield code="c">99</subfield>
    <subfield code="d">99</subfield>
  </datafield>
</record>
